000 00647nam a2200229 i 4500
001 C2-0235776
003 PPAK
005 20180727195755.0
008 010918s1967 my |||| ||||| | may d
040 _aPPAK
_beng
_cPPAK
_erda
082 0 4 _a899.23
_223
090 0 0 _a899.23
_bYAH
_dKAM
100 0 _aYahaya Ismail,
_eauthor
245 1 0 _aBimbingan sastera Melayu lama
264 1 _aKuala Lumpur :
_bPenerbitan Utusan Melayu ,
_c1967
300 _a165 pages ;
_c18 cm
336 _2rdacontent
_atext
337 _2rdamedia
_aunmediated
338 _2rdacarrier
_avolume
650 1 0 _aMalay literature - History and criticism
942 _ddc
_cB
999 _c51721
_d51721